000 00602nam a2200181Ia 4500
008 100920s9999 xx 000 0 und d
082 _b31943
_a24 थ 74
100 _aपाठक गंगाधर रामचंद्र.( नांगरे बलराम.).
245 _aचंद्रसेना.
260 _bअभया प्रकाशन,सातारा.
_c1974
300 _a168
_bसाधी
365 _b10
520 _aसायो.
630 _aचंद्रसेना.
650 _aसायो.
730 _aचंद्रसेना.
942 _cBOOK
999 _c687017
_d687014